Do pekel. IV., Vlci /
V tomto díle se Mořský vlk vydává pátrat po Kovových ostrovech a expedici velí Xavier Rodriguez.
Uloženo v:
| Série: | Do pekel,
část 4 |
|---|---|
| Hlavní autor: | |
| Další autoři: | |
| Médium: | E-kniha |
| Jazyk: | Czech |
| Vydáno: |
Praha :
Euromedia Group,
2024
|
| Vydání: | Vydání první |
| Témata: | |
| Příbuzné jednotky: | Z cyklu::
Do pekel |
| Tagy: |
Žádné tagy |
| LEADER | 02230nam a2200505 i 4500 | ||
|---|---|---|---|
| 001 | 312402 | ||
| 003 | CZ PrSKC | ||
| 005 | 20260601215722.0 | ||
| 007 | ta | ||
| 008 | 240530s2024 xr g 000 f cze | ||
| 015 | |a cnb003612012 | ||
| 020 | |a 9788024289397 |q (brožováno) | ||
| 035 | |a (OCoLC)1451768556 | ||
| 040 | |a ABG001 |b cze |d ABA001 |e rda | ||
| 041 | 1 | |a cze |h eng | |
| 072 | 7 | |a 821.111(73)-3 |x Americká próza |2 Konspekt | |
| 080 | |a 821.111(73)-31 |2 MRF | ||
| 080 | |a (0:82-311.9) |2 MRF | ||
| 100 | 1 | |a Smith, Nicholas Sansbury, |d 1983- |7 xx0284196 |4 aut | |
| 240 | 1 | 0 | |a Wolves. |l Česky |
| 245 | 1 | 0 | |a Do pekel. |n IV., |p Vlci / |c Nicholas Sansbury Smith ; přeložil Jiří Jaňák |
| 246 | 3 | 0 | |a Vlci |
| 250 | |a Vydání první | ||
| 264 | 1 | |a Praha : |b Euromedia Group, |c 2024 | |
| 300 | |a 340 stran ; |c 19 cm | ||
| 336 | |a text |b txt |2 rdacontent | ||
| 337 | |a bez média |b n |2 rdamedia | ||
| 338 | |a svazek |b nc |2 rdacarrier | ||
| 500 | |a "Vydala Euromedia Group, a.s. v edici Laser"--Tiráž | ||
| 500 | |a Přeloženo z angličtiny | ||
| 520 | 2 | |a V tomto díle se Mořský vlk vydává pátrat po Kovových ostrovech a expedici velí Xavier Rodriguez. |b Xavier Rodriguez se naučil přežívat na zamořeném povrchu Země. Ale ani on není připravený na děsivá mořská monstra a kmen nelítostných kanibalů... Další pokračování bestsellerové akční série. Nakladatelská anotace. | |
| 655 | 7 | |a americké romány |7 fd131796 |2 czenas | |
| 655 | 7 | |a vědecko-fantastické romány |7 fd133847 |2 czenas | |
| 655 | 9 | |a American fiction |2 eczenas | |
| 655 | 9 | |a science fiction novels |2 eczenas | |
| 700 | 1 | |a Jaňák, Jiří |7 jo20201085452 |4 trl | |
| 765 | 1 | |t Hell divers | |
| 787 | 0 | 8 | |i Z cyklu: |t Do pekel |g 4 |
| 900 | |a ABA001 |b 21 | ||
| 928 | 9 | |a Euromedia Group - Laser | |
| 928 | 9 | |a Laser | |
| 044 | |a xr | ||
| 910 | |a RBIT002 | ||
| 998 | |d 405780 |a https://core.palmknihy.cz/api/books/405780/cover?se6v4e |b https://core.palmknihy.cz/api/books/405780/cover/400?se6v4e |c https://core.palmknihy.cz/api/books/405780/cover/50?se6v4e |e 2027-10-20 |g 344 |i 9788024289397 |j https://core.palmknihy.cz/api/books/405780/preview.epub |l |q 49 |r 1 |s https://www.palmknihy.cz/kniha/405780 |t ebook |y 2024 |z 0 |v Do pekel |w 4 | ||
| 999 | |d 312400 | ||